Psicología de la danza /

Shranjeno v:
Bibliografske podrobnosti
Glavni avtor: Taylor, Jim, 1958- (autor)
Drugi avtorji: Taylor, Ceci (autor) (autor)
Format: Knjiga
Jezik:španščina
Izdano: Madrid, España : Gaia, 2014, c2008
Serija:(Psicología Occidental)
Teme:
Oznake: Označite
Brez oznak, prvi označite!

MARC

LEADER 00000nam^a2200000^a^4500
001 000364789
005 20250521000000.0
009 20260310115625.583
020 |a 978-84-8445-223-2 
037 |a Acervo ITESO - Biblioteca 
041 |a ESP 
082 |a 782. 18019  |b TAY 
100 |a Taylor, Jim,  |d 1958-  |e (autor) 
245 1 0 |a Psicología de la danza /  |c J. Taylor, C. Taylor ; tr. por María del Mar Cañas. 
264 4 |a Madrid, España :  |b Gaia,  |c 2014, c2008 
300 |a 222 p. 
336 |a texto  |b txt  |2 rdacontenido 
337 |a sin mediación  |b n  |2 rdamedio 
338 |a volumen  |b nc  |2 rdasoporte 
440 1 |a (Psicología Occidental) 
500 |a Traducción de: Psychology of Dance 
649 |a XX 
650 |a Danza -  |x Aspectos Psicológicos -  |x Tema Principal 
650 |a Artes Escénicas -  |x Aspectos Psicológicos 
650 |a Psicología y Arte 
700 |a Taylor, Ceci  |e (autor) 
910 |a Fondo General 
920 |a Impresos - Libros 
930 |a Colección General 
905 |a 101 
901 |a 0500258281  |b IT1  |c ACC  |i C144270  |u 20250521 
901 |a 0500320590  |b IT1  |c ACC  |i C165238  |u 20250521 
902 |a https://opac.biblio.iteso.mx/vufind/Record/000364789